100 largest empires in history - Statistics

General Stats
  • This quiz has been taken 8,721 times
  • The average score is 49 of 100
Answer Stats
Land aria Empire % Correct
1 33.7 Million Km British Empire
96%
2 33.0 Million Km Mongol Empire
96%
40 4.0 Million Km Xiongnu Empire
96%
3 22.8 Million Km Russian Empire
95%
6 17.0 Million Km Russian Federation
94%
10 12.3 Million Km French Empire
93%
5 19.4 Million Km Spanish Empire
93%
30 5.0 Million Km Roman Empire
90%
20 7.4 Million Km Empire of Japan
87%
53 3.6 Million Km Nazi Germany
87%
29 5.2 Million Km Ottoman Empire
86%
81 2.8 Million Km Eastern Jin China
85%
55 3.5 Million Km German Empire
85%
23 6.5 Million Km Han China
85%
97 2.3 Million Km Jin China
85%
94 2.5 Million Km Later Zhou China
85%
89 2.6 Million Km Liao China
85%
82 2.8 Million Km Liu Song China
85%
84 2.8 Million Km Manchu China
85%
22 6.5 Million Km Ming China
85%
58 3.5 Million Km Northern Song China
85%
33 5.0 Million Km Northern Yuan China
85%
9 13.1 Million Km Qing China
85%
98 2.3 Million Km Southern Qui China
85%
100 2.1 Million Km Southern Song China
85%
71 3.1 Million Km Sui China
85%
27 5.5 Million Km Tang China
85%
14 9.8 Million Km United States
85%
61 3.5 Million Km Western Jin China
85%
93 2.5 Million Km Western Liao China
85%
35 4.7 Million Km Xin China
85%
8 14.0 Million Km Yuan China
85%
15 9.3 Million Km China (modern)
84%
32 5.0 Million Km Mughal Empire
84%
12 10.4 Million Km Portuguese Empire
84%
16 8.5 Million Km Persian Empire
81%
57 3.5 million Km Gupta Empire
79%
83 2.8 Million Km Maratha Empire
79%
17 8.5 Million Km Brazil
78%
65 3.3 million Km India (Modern)
78%
87 2.7 Million Km Majapahit Empire
78%
47 3.8 Million Km Italian Empire
75%
50 3.7 Million Km Dutch Empire
74%
34 4.9 Million Km Mexican Empire
73%
28 5.2 Million Km Macedonian Empire
72%
13 10.0 Million Km Canada
71%
38 4.5 Million Km Ashfarid Persia
69%
4 22.4 Million Km Soviet Union
69%
19 7.6 Million Km Australia
64%
90 2.5 Million Km Belgian Empire
61%
85 2.7 Million Km Argentina
53%
54 3.5 million Km Byzantine Empire
53%
73 3.0 Million Km Danish Empire
53%
7 15.0 Million Km Umayyad Caliphate
48%
99 2.3 Million Km Algeria
45%
11 11.1 Million Km Abbasid Caliphate
42%
88 2.7 Million Km Kazakhstan
37%
18 8.4 Million Km Rashidun Caliphate
33%
96 2.4 Million Km Sudan (before 2011)
30%
37 4.6 Million Km Tibetian Empire
28%
39 4.1 Million Km Fatimid Caliphate
24%
25 6.0 Million Km Golden Horde Khanate
22%
42 4.0 Million Km Hunnic Empire
19%
26 6.0 Million Km Timurid Empire
19%
41 4.0 Million Km White Hunnic Empire
19%
64 3.3 Million Km Moroccan Empire
17%
31 5.0 Million Km Maurya Empire
16%
70 3.1 Million Km Parthian Empire
11%
46 3.9 Million Km Seljuq Empire
10%
49 3.7 Million Km The Ilkhanate
10%
24 6.0 Million Km Turkic Khaganate
10%
43 4.0 Million Km Eastern Turkic Empire
9%
59 3.5 Million Km Safavid Empire
9%
79 3.0 Million Km Seleucid Empire
9%
56 3.5 Million Km Chagatai Khanate
8%
75 3.0 Million Km Kalmar Union
8%
51 3.6 Million Km Chola Empire
6%
62 3.4 Million Km Phoenician Empire
5%
21 6.6 Million Km Sasanian Empire
5%
72 3.1 Million Km Uyghur Khaganate
5%
74 3.0 Million Km Duchy of Muscovy
4%
63 3.4 Million Km Ghaznavid Empire
4%
69 3.1 Million Km Median Empire
4%
77 3.0 Million Km Khazar Khanate
3%
52 3.6 Million Km Khwarazmian Empire
3%
36 4.6 Million Km Pala Empire
3%
78 3.0 Million Km Qajar Empire
3%
66 3.2 Million Km Ghurid Empire
2%
95 2.5 Million Km Indo-Greek Kingdom
2%
44 4.0 Million Km Rouran Khaganate
2%
80 2.8 Million Km Samanid Emire
2%
45 4.0 Million Km Western Turkic Empire
2%
60 3.5 Million Km Bukhara Khanate
1%
91 2.5 Million Km Greco-Bactrean Empire
1%
92 2.5 Million Km Hokati Empire
1%
76 3.0 Million Km Karakhanid Khanate
1%
68 3.1 Million Km Kashmir Empire
1%
86 2.7 Million Km Khilji Empire
1%
48 3.8 Million Km Kushite Empire
1%
67 3.2 Million Km Tughlaq Empire
1%
No matching quizzes found
Score Distribution
Percent of People with Each Score
Percentile by Number Answered
Your Score History
You have not taken this quiz